|
|
|
|
| LEADER |
00000cam a2200000 a 4500 |
| 001 |
vtls001346373 |
| 003 |
SK-MaSNL |
| 005 |
20260301114720.0 |
| 008 |
240318s1967 xr f n 00000 cze |
| 035 |
|
|
|a SNK000299615
|
| 040 |
|
|
|a SNK
|b slo
|c SNK
|e AACR2
|
| 041 |
0 |
|
|a cze
|
| 044 |
|
|
|a xr
|c CZ
|
| 072 |
|
7 |
|a 821.162.3.09
|x Česká literatúra (o nej)
|2 konspekt
|
| 080 |
|
|
|a 821.162.3
|2 2011
|
| 080 |
|
|
|a 792
|2 2011
|
| 080 |
|
|
|a 791.43
|2 2011
|
| 080 |
|
|
|a 72/76
|2 2011
|
| 080 |
|
|
|a (049.2)
|2 2001
|
| 100 |
1 |
|
|a Nezval, Vítězslav,
|d 1900-1958
|4 aut
|9 203046
|
| 245 |
1 |
0 |
|a Manifesty, eseje a kritické projevy z poetismu (1921-1930)
|c Vítězslav Nezval ; [svazek uspořádal, edičně připravil a poznámkami a vysvětlivkami opatřil Milan Blahynka]
|
| 250 |
|
|
|a 1. vyd.
|
| 260 |
|
|
|a Praha
|b Československý spisovatel
|c 1967
|
| 300 |
|
|
|a 556 s.
|c 21 cm
|
| 490 |
0 |
|
|a Vítězslav Nezval: Dílo
|v 24
|
| 650 |
0 |
7 |
|a česká literatúra
|2 SNKPH
|9 1178
|
| 650 |
0 |
7 |
|a divadlo
|2 SNKPH
|9 3335
|
| 650 |
0 |
7 |
|a film
|2 SNKPH
|9 1425
|
| 650 |
0 |
7 |
|a výtvarné umenie
|2 SNKPH
|9 723
|
| 655 |
|
7 |
|a kritiky
|2 SNKPH
|9 28608
|
| 700 |
1 |
|
|a Blahynka, Milan,
|d 1933-
|4 com
|4 edt
|9 18536
|
| 830 |
|
0 |
|a Vítězslav Nezval: Dílo
|9 429482
|
| 958 |
|
|
|a RK
|
| 958 |
|
|
|a OND
|
| 999 |
|
|
|c 719475
|d 721405
|
| 952 |
|
|
|t P60, <04>, [BOOK], {604}
|a SNK
|b SNK
|y VYP
|7 0
|o snkIC 7716/24
|i snkKIP 4361/67
|0 0
|1 0
|4 0
|d 1998-10-26
|l 0
|r 2005-01-02 00:00:00
|w 2026-02-23
|
| 952 |
|
|
|a SNK
|b SNK
|y VYP
|7 0
|p 17A0614189
|o snkIC 7716/24 D1
|i snkKIP 4362/67
|0 0
|1 1
|4 0
|d 1998-10-26
|l 0
|r 2005-01-02 00:00:00
|w 2026-02-23
|